Từ điển vần

Gorde:
Xehetasun bibliografikoak
Egile nagusia: Hoàng Phê
Formatua: Liburua
Hizkuntza:Undetermined
Argitaratua: Đà Nẵng Đà Nẵng 2002
Gaiak:
Etiketak: Etiketa erantsi
Etiketarik gabe, Izan zaitez lehena erregistro honi etiketa jartzen!
Thư viện lưu trữ: Trung tâm Học liệu Trường Đại học Cần Thơ
LEADER 00502nam a2200193Ia 4500
001 CTU_56643
008 210402s9999 xx 000 0 und d
020 |b 22000 
082 |a 495.9223 
082 |b Ph250 
100 |a Hoàng Phê 
245 0 |a Từ điển vần 
245 0 |c Hoàng Phê 
260 |a Đà Nẵng 
260 |b Đà Nẵng 
260 |c 2002 
650 |a vietnamese language 
650 |x dictionaries 
980 |a Trung tâm Học liệu Trường Đại học Cần Thơ